Samskriti ke chaar adhyay (Record no. 148319)

MARC details
000 -LEADER
fixed length control field 00666nam a2200229Ia 4500
003 - CONTROL NUMBER IDENTIFIER
control field OSt
005 - DATE AND TIME OF LATEST TRANSACTION
control field 20260303120844.0
008 - FIXED-LENGTH DATA ELEMENTS--GENERAL INFORMATION
fixed length control field 210210b1956 xxu||||| |||| 00| 0 eng d
040 ## - CATALOGING SOURCE
Transcribing agency AL
041 ## - LANGUAGE CODE
Language code of text/sound track or separate title Hindi
082 ## - DEWEY DECIMAL CLASSIFICATION NUMBER
Classification number 862/107
100 ## - MAIN ENTRY--PERSONAL NAME
Personal name SINHA (Dinkar R)
Dates associated with a name रामधारी सिंह 'दिनकर'
9 (RLIN) 257456
245 ## - TITLE STATEMENT
Title Samskriti ke chaar adhyay
Remainder of title संस्कृति के चार अध्याय
260 ## - PUBLICATION, DISTRIBUTION, ETC.
Place of publication, distribution, etc. Delhi
Name of publisher, distributor, etc. Rajpal & Sons
Date of publication, distribution, etc. 1956
650 ## - SUBJECT ADDED ENTRY--TOPICAL TERM
Topical term or geographic name entry element Samskriti
9 (RLIN) 257457
650 ## - SUBJECT ADDED ENTRY--TOPICAL TERM
Topical term or geographic name entry element ke
9 (RLIN) 257458
650 ## - SUBJECT ADDED ENTRY--TOPICAL TERM
Topical term or geographic name entry element chAr
9 (RLIN) 257459
650 ## - SUBJECT ADDED ENTRY--TOPICAL TERM
Topical term or geographic name entry element adhyAy
9 (RLIN) 257460
690 ## - LOCAL SUBJECT ADDED ENTRY--TOPICAL TERM (OCLC, RLIN)
Topical term or geographic name as entry element Hindi Prose
9 (RLIN) 257461
906 ## - LOCAL DATA ELEMENT F, LDF (RLIN)
a 023350
942 ## - ADDED ENTRY ELEMENTS (KOHA)
Source of classification or shelving scheme Dewey Decimal Classification
Koha item type Book
Holdings
Withdrawn status Lost status Source of classification or shelving scheme Damaged status Not for loan Home library Current library Shelving location Date acquired Cost, normal purchase price Total Checkouts Full call number Barcode Date last seen Price effective from Koha item type
    Dewey Decimal Classification     St Aloysius Library St Aloysius Library   02/17/2021 0.00   862/107 023350 02/17/2021 02/17/2021 Book